Statistics for Five Poorest Countries by Continent

Click here to take the quiz!

General Stats

  • This quiz has been taken 55,795 times
    (13,518 since last reset)
  • The average score is 19 of 30

Answer Stats

Continent GDP per Capita Country % Correct
South America$11,600Venezuela
79%
South America$7,820Bolivia
77%
South America$14,200Paraguay
77%
North America$1,900Haiti
75%
South America$8,950Guyana
74%
South America$11,800Ecuador
73%
Europe$6,770Moldova
72%
North America$5,400Honduras
71%
Europe$11,600Kosovo
69%
North America$8,640El Salvador
69%
Europe$13,700Albania
68%
North America$5,440Nicaragua
68%
North America$8,730Guatemala
68%
Asia$1,550North Korea
67%
Africa$890D.R. Congo
66%
Oceania$2,970Vanuatu
60%
Europe$9,320Ukraine
60%
Oceania$2,320Solomon Islands
59%
Oceania$2,080Kiribati
59%
Europe$14,200Bosnia & Herzegovina
59%
Oceania$3,430F.S. Micronesia
58%
Africa$1,100Niger
58%
Asia$2,050Afghanistan
55%
Oceania$3,800Papua New Guinea
55%
Asia$2,720Syria
53%
Asia$3,120Nepal
50%
Africa$800Central African Republic
50%
Asia$2,570Yemen
48%
Africa$1,270Malawi
40%
Africa$720Burundi
40%

Score Distribution

Percentile by Number Answered

Percent of People with Each Score

Your Score History

You have not taken this quiz since the last reset